Thirty Years of Asean-India Relations: (Record no. 203758)

MARC details
000 -LEADER
fixed length control field 00599nam a22001817a 4500
005 - DATE AND TIME OF LATEST TRANSACTION
control field 20240626165222.0
010 ## - LCCN (DPL NO)
LC control number ENG-140719
020 ## - INTERNATIONAL STANDARD BOOK NUMBER
International Standard Book Number 9789394915251
Terms of availability 1380.00
035 ## - SYSTEM CONTROL NUMBER
System control number EN-124251
037 ## - SOURCE OF ACQUISITION
Source of stock number/acquisition DBAD
082 ## - DEWEY DECIMAL CLASSIFICATION NUMBER
Classification number 337.5405
245 00 - TITLE STATEMENT
Title Thirty Years of Asean-India Relations:
Statement of responsibility, etc Edited by Prabir De
Remainder of title Towards Indo-Pacific/
260 ## - PUBLICATION, DISTRIBUTION, ETC. (IMPRINT)
Place of publication, distribution, etc New Delhi
Name of publisher, distributor, etc KW Publishers
Date of publication, distribution, etc 2023
270 ## - ADDRESS
Address 4676/21, First Floor, Ansari Road, Daryaganj,
City New Delhi
Postal code 110002
300 ## - PHYSICAL DESCRIPTION
Extent xxxi,608p.
Dimensions 24cm(Hb)
Other physical details ill.
700 ## - ADDED ENTRY--PERSONAL NAME
Personal name De, Prabir
Relator term Editor
9 (RLIN) 67812
942 ## - ADDED ENTRY ELEMENTS (KOHA)
Source of classification or shelving scheme Dewey Decimal Classification
Item type English Books
Classification part 337.5405
Call number suffix THI
Holdings
Withdrawn status Lost status Not for loan Collection code Home library Current library Date acquired Source of acquisition Cost, normal purchase price Full call number Barcode Copy number Cost, replacement price Koha item type
      Non-fiction Central Jail Tihar Central Jail Tihar 26/06/2024 DBAD 1380.00 337.5405 THI EN-124251 1 1380.00 English Books

© Delhi Public Library
Hit Counter
free hit counter